| 000 | 00469nam a2200181Ia 4500 | ||
|---|---|---|---|
| 008 | 240925s9999 xx 000 0 und d | ||
| 020 | _a70616728 | ||
| 082 | _a681.2 DOE | ||
| 100 | _aDoebelin , E .O | ||
| 245 | 0 | _aMeasurement Systems: application and design | |
| 250 | _a5th | ||
| 260 |
_aNew Delhi: _bTata McGraw Hill _c,2007. |
||
| 300 |
_a1248p. _bNA _fPhotocopy |
||
| 500 | _aIncludes Index | ||
| 600 | _aSocial Sciences | ||
| 650 | _aManagement | ||
| 942 | _cBK | ||
| 999 |
_c9814 _d9814 |
||